| 000 | 01134nam a22003497a 4500 | ||
|---|---|---|---|
| 001 | 231 | ||
| 003 | FISKH | ||
| 005 | 20230309084130.0 | ||
| 008 | 230309b cb ||||| |||| 00| 0 eng d | ||
| 020 | _a9780545518499 | ||
| 040 |
_aDLC _cDLC _beng _dFISKH |
||
| 042 | _alcac | ||
| 050 | 0 | 0 |
_aPZ7.M63963 _bFr 2011 |
| 082 | 0 | 0 |
_a543 _222 |
| 100 | 1 | _aMills, Claudia. | |
| 245 | 1 | 0 |
_aFractions = trouble! / _cClaudia Mills ; pictures by G. Brian Karas. |
| 246 | 3 | _aFractions equal trouble! | |
| 250 | _a1st ed. | ||
| 260 |
_aNew York _bScholastic _c2011 |
||
| 300 |
_a113 p. _bill. _c20 cm. |
||
| 500 | _aSequel to: 7 x 9 = trouble! | ||
| 505 | _aM | ||
| 520 | _aWhile trying to decide on a science fair project, third-grader Wilson struggles with with fractions and, much to his embarrassment, his parents sign him up to work with a math tutor. | ||
| 521 | 8 |
_a760
_bLexile |
|
| 521 | 8 |
_aM _bRaz-Plus |
|
| 650 | 1 |
_aFractions _vFiction. |
|
| 650 | 1 |
_aScience projects _vFiction. |
|
| 650 | 1 |
_aSchools _vFiction. |
|
| 700 | 1 |
_aKaras, G. Brian, _eill. |
|
| 906 |
_a7 _bcbc _corignew _d1 _eecip _f20 _gy-gencatlg |
||
| 942 |
_2ddc _cBK _n0 |
||
| 999 |
_c231 _d231 |
||